[Event "Schuhplattler Veterans-Ladies"]
[Site "Munich"]
[Date "2000.07.05"]
[Round "2"]
[White "Kortschnoj, Viktor Lvovich"]
[Black "Polgar, Sofia"]
[Result "1-0"]
[WhiteElo "2620"]
[BlackElo "2501"]
[Annotator "Kortschnoj,V"]
[PlyCount "75"]
[EventDate "2000.07.04"]
[EventType "schev"]
[EventRounds "10"]
[EventCountry "GER"]
[SourceTitle "CBM 078"]
[Source "ChessBase"]
[SourceDate "2000.10.18"]
[SourceVersion "1"]
[SourceVersionDate "2000.10.18"]
[SourceQuality "1"]

1. d4 Nf6 2. c4 c6 3. Nf3 d5 4. Qb3 e6 5. g3 Nbd7 6. Bg2 Be7 7. O-O O-O 8. Nc3
Qb6 $6 {Theoretical continuation is 8...b6 followed by 9...La6 with equal
chances.} 9. Rd1 Qxb3 10. axb3 b6 11. e4 $1 $14 Bb7 (11... dxe4 12. Ne5 Bb7 13.
Nxe4 Nxe5 14. dxe5 Nxe4 15. Bxe4 Rfd8 16. Rxd8+ Bxd8 17. b4 $16) 12. e5 (12.
Ne5 Nxe5 13. dxe5 Ng4 14. exd5 cxd5 15. h3 (15. cxd5 Bc5 16. Ne4 Bxd5 17. Nxc5
Bxg2 18. Kxg2 bxc5 19. Bf4 $14) 15... Nxe5 16. cxd5 Bc5 17. dxe6 Bxg2 18. Kxg2
fxe6 19. Ne4 $14) 12... Ne8 13. Bg5 Bxg5 (13... f6 14. exf6 gxf6 15. Bh6 Rf7
16. Bh3 $16) 14. Nxg5 h6 15. Nh3 Nc7 16. Nf4 a5 17. h4 Ba6 {In a similar
position albeit with queens at the board T. Petrosian played Na6 against me.
It is true, at this position after 17...Na6 18.cd cd 19.Nb5 would turn out to
be very unpleasant for black.} 18. Rac1 Rac8 $6 {Much stronger would be 18...
Rfc8! - the bishop a6 needs a protection!} 19. cxd5 cxd5 20. Rd2 $16 Nb5 (20...
Rfd8 21. Rdc2 Ne8 22. Bf1 $16) 21. Bf1 g5 (21... Nxc3 22. Bxa6 $18) 22. Bxb5 (
22. hxg5 hxg5 23. Nh3 Nxc3 $11 24. Bxa6 $4 Ne2+) 22... Bxb5 23. hxg5 hxg5 24.
Nh3 g4 25. Nf4 Rc6 26. Kg2 Rfc8 27. Rh1 Rxc3 (27... Ba6 28. Rh4 b5 29. Rxg4+
Kf8 30. b4 $1 axb4 31. Na2 b3 32. Nb4 Rc2 33. Rd1 Bb7 34. Nxc2 bxc2 35. Rc1 b4
36. b3 $18) 28. bxc3 Rxc3 29. Rh4 Bc6 $6 (29... Rxb3 30. Rxg4+ Kf8 31. Rc2 Bc4
32. Rc1 a4 33. Rh1 a3 34. Rh8+ Ke7 35. Rgg8 $18) 30. Ne2 Rxb3 31. Rc2 Nb8 32.
Rxg4+ Kf8 33. Rh4 Rb4 34. Rh8+ Ke7 35. Rxb8 Rc4 36. Rxc4 dxc4+ 37. d5 exd5 38.
Nd4 1-0

[Event "Petrov Memorial op"]
[Site "St Petersburg"]
[Date "2000.02.12"]
[Round "5"]
[White "Rashkovsky, Nukhim N"]
[Black "Frolov, Denis"]
[Result "1-0"]
[WhiteElo "2523"]
[BlackElo "2428"]
[Annotator "Kortschnoj,V"]
[PlyCount "77"]
[EventDate "2000.02.05"]
[EventType "swiss"]
[EventRounds "9"]
[EventCountry "RUS"]
[SourceTitle "CBM 076"]
[Source "ChessBase"]
[SourceDate "2000.05.31"]
[SourceVersion "1"]
[SourceVersionDate "2000.05.31"]
[SourceQuality "1"]

1. d4 d5 2. c4 c6 3. Nf3 Nf6 4. Qb3 e6 5. g3 Nbd7 6. Bg2 Be7 7. O-O O-O 8. Nc3
b6 9. Bg5 {This move is not a novelty...} h6 (9... Bb7) 10. Bxf6 Bxf6 11. Qa4
$5 {... but the plan behind it is very original - nothing of this kind ever
has been played! A primary aim of this move is to prevent Ba6, just to force
the white-squared bishop to remain "a big pawn" on b7.} Bb7 12. Rad1 a6 13. Qc2
Qc7 ({Or} 13... dxc4 14. Ne4 b5 15. b3 {with excellent compensation for the
pawn.}) 14. e4 {White is fighting with an open visor! 14.b3 was a worth of
consideration.} dxc4 15. e5 Be7 16. Rfe1 b5 17. h4 Nb6 (17... c5 $6 18. d5 $14)
18. g4 c5 19. dxc5 Bxc5 20. Ne4 Bxe4 (20... Bb4 $5) 21. Qxe4 Rad8 22. g5 Rxd1
23. Rxd1 h5 $2 ({A natural} 23... Rd8 {would neutralize white's initiative
leaving white with a pawn down for some not too weighty compensation...}) 24.
g6 $1 {But now, all of sudden, white develops a tremendous assault!} fxg6 25.
Bh3 Qf7 26. Ng5 $1 $16 Qxf2+ ({Or} 26... Qe8 27. Bxe6+ Kh8 28. Bf7 Rxf7 29. Rd8
Rxf2 30. Rxe8+ Rf8+ 31. Kg2 Rxe8 32. Qxg6 $18) 27. Kh1 Rf5 {The only move to
prevent a killing Qxg6.} 28. Bxf5 gxf5 29. Rd8+ Bf8 30. Qd4 Qe1+ ({Or} 30...
Qf1+ 31. Qg1 Qe2 (31... Qf4 32. Rxf8+ Kxf8 33. Nxe6+ $18) 32. Qxb6 $18) 31. Kg2
Nd5 (31... Qe2+ 32. Qf2 Qg4+ 33. Kf1 Nd5 34. Nxe6) 32. Nxe6 $18 Qe2+ 33. Qf2
Ne3+ 34. Kg1 Qg4+ 35. Kh2 Nf1+ 36. Qxf1 Qxh4+ 37. Kg2 Qg4+ 38. Kf2 Qh4+ 39. Ke2
1-0

[Event "Linares 14th"]
[Site "Linares"]
[Date "1997.02.07"]
[Round "4"]
[White "Topalov, Veselin"]
[Black "Kramnik, Vladimir"]
[Result "0-1"]
[WhiteElo "2725"]
[BlackElo "2740"]
[Annotator "Kramnik,V"]
[PlyCount "66"]
[EventDate "1997.02.04"]
[EventType "tourn"]
[EventRounds "11"]
[EventCountry "ESP"]
[EventCategory "18"]
[SourceTitle "CBM 057"]
[Source "ChessBase"]
[SourceDate "1997.04.01"]
[SourceVersion "1"]
[SourceVersionDate "1997.04.01"]
[SourceQuality "1"]

{[%mdl 192]} 1. d4 {Petursson Psakhis} d5 2. c4 c6 3. Nf3 Nf6 4. Nc3 e6 5. g3 {
Psakhis: Rare move. It doesn't promise advantage to White} Nbd7 6. Bg2 dxc4 7.
a4 Be7 8. O-O O-O 9. e4 e5 10. dxe5 (10. Nxe5 $6 {Psakhis} Nxe5 11. dxe5 Ng4
$36) 10... Ng4 11. Bf4 Qa5 (11... g5 $5 {Psakhis} 12. Nxg5 Ndxe5 13. Qxd8 Rxd8
14. f3 (14. h3 $5 Bc5) 14... Bc5+ 15. Kh1 Ne3 16. Bxe5 Nxg2 17. Bf6 Rd3 18.
Kxg2 Rd2+ 19. Kh1 h6 $13 {Ristic,N-Maksimovic,B/YUG/1989/0:1/48/}) 12. e6 (12.
Qe2 {Psakhis} Ndxe5 13. Nxe5 Nxe5 14. Bxe5 Qxe5 15. Qxc4 Be6 $15) 12... fxe6 {
Psakhis: Difficult choice for White. Black got very comfortable positions if
White'll choose other moves. For instance} 13. Qe2 (13. Bh3 $6 {Psakhis} Nde5
14. Nd4 Rd8 15. Bxg4 $2 Nxg4 16. Nxc6 Qh5 $1 17. Nxe7+ Kf7 $19) (13. Bd6 {
Psakhis} Bxd6 14. Qxd6 Nde5 15. Nxe5 Nxe5 16. Rab1 Rd8 17. Qe7 Ng6 18. Qa3 e5
$15 {Sosonko,G-Van der Wiel,J/Wijk aan Zee/1987/0,5/30/}) (13. e5 {Psakhis} Nb6
14. Qe2 Nd5 15. Bd2 Qb6 16. Rab1 Bd7 17. Qxc4 Rxf3 18. Qxg4 Rf5 19. a5 Qb3 {
1/2-1/2 Wirthensohn,H-Schlosser,P/Graz zt 1993}) 13... Nge5 14. Nd4 (14. Nxe5 {
Psakhis} Nxe5 15. Bxe5 Qxe5 16. Qxc4 Qc5 $1 $15) 14... Nd3 $1 $146 {Psakhis: A
natural and strong move. Kramnik can be very happy with the result of his
opening. After 14 moves he is a pawn up and got a knight on d3. I am afraid,
White will not play this variation in the future.} (14... Nb6 15. Bd2 Bb4 16.
Nc2 c5 17. Qh5 $1 {Psakhis} Nc6 18. Ne3 $6 Bd7 19. e5 Be8 $13 {0-1 Gelfand,
B-Timman,J/Tilburg 50/525 1990 (47)}) (14... Nf6 $6 {Psakhis} 15. Bh3 $16) 15.
Nxe6 (15. Bd2 {Psakhis} Bb4 16. Nxe6 Re8 17. Nd4 Nxb2 $17) 15... Rf6 (15...
Nxf4 $6 16. gxf4 Rf6 17. f5) 16. Bc7 (16. Nc7 $2 Nxf4 (16... Rxf4 {Psakhis} 17.
Nxa8 Rf8 18. f4 N7c5 19. e5 Qd8 $17 {[%csl Ra8]}) 17. Qxc4+ Kh8 (17... Rf7 18.
Nxa8 Nxg2 19. Kxg2 Qh5 20. f4 $14) 18. Nxa8 Ne5 19. Qb3 Nxg2 20. Kxg2 Nf3 $40 {
/\ Bh3+}) (16. Ng5 N7e5 $13 (16... Rxf4 17. gxf4 Bxg5 18. fxg5 Qxg5 {/\ N7e5}
19. f4 $1 Nxf4 20. Rxf4 (20. Qxc4+ $6 Kh8 21. Rxf4 Qxf4 22. Rf1 Qe3+) 20...
Qxf4 21. Rf1 Qd6 22. Qxc4+ Kh8 23. Qf7 $36) (16... h6 $13)) (16. Nd4 $13) 16...
Qb4 17. Nd4 $2 (17. Ng5 Qxb2 18. Qxb2 Nxb2 19. f4 $44) (17. Nf4 $5) ({Psakhis:
Deserve attention} 17. Nf4 {Psakhis} Qxb2 (17... Bd6 18. Bxd6 Qxd6 19. Rad1
N7e5 $13) 18. Qxb2 Nxb2 19. e5 Rh6 20. Rab1 Nd3 21. Nxd3 cxd3 $15) 17... Bc5 $1
(17... Qxb2 18. Qxb2 Nxb2 19. f4 Bc5 20. Nce2 $44) 18. Nc2 {Psakhis: Topalov
decided to start hunt un blacks queen, and he almost succeded!} (18. Nf3 $5 {
Psakhis} Qxb2 19. Qxb2 Nxb2 20. e5 Re6 21. Ne4 Bb6) 18... Qxb2 19. Nd1 Qb3 20.
Nde3 N7e5 21. h3 {/\ Kh2, f2-f4} ({Psakhis: Unfortunately, doesn't work} 21.
Rfb1 {Psakhis because of} Rxf2 $1 22. Qxf2 (22. Qh5 Qxc2 23. Nxc2 Rf5+) 22...
Nxf2 23. Rxb3 cxb3 24. Kxf2 (24. Bxe5 Nh3+ (24... Ng4 25. Bd4 Bxd4 26. Nxd4
Nxe3 $19) 25. Kf1 bxc2 26. Nxc2 Bg4 $19) 24... Ng4+ 25. Ke2 bxc2 26. Nxc2 Nxh2
$19) 21... Be6 (21... Rf7 22. Bxe5 Nxe5 23. Kh2 $44) 22. Kh2 (22. Rab1 {Psakhis
} Rxf2 $1 23. Qxf2 Nxf2 24. Rxb3 cxb3 25. Kxf2 (25. Bxe5 Nd3 $19) 25... Rf8+
26. Ke2 Rxf1 27. Nxf1 (27. Bxf1 b2 $1 $19) 27... bxc2 28. Kd2 Nd3 $19) (22.
Rfb1 {Psakhis} Rxf2 23. Qxf2 Nxf2 24. Rxb3 cxb3 25. Kxf2 Nc4 26. Ke2 bxc2 $19)
22... Rh6 $5 23. Rab1 $2 (23. f4 Ng4+ 24. Nxg4 Bxg4 25. Qxg4 Qxc2 26. h4 $15) (
23. Rfb1 {Psakhis} Qc3 $1 (23... Bg4 $2 24. f3 Nxf3+ 25. Bxf3 Bxf3 (25... Bxh3
26. Bh5 $1) 26. Qxf3 Rf6 27. Qg2 (27. Qxf6 gxf6 28. Rxb3 cxb3 $17) (27. Bf4 Qc3
$44) 27... Rf2 28. Rxb3 cxb3 29. Ne1 $1 Bxe3 30. Nxd3 Rxg2+ 31. Kxg2 $16) 24.
f4 $5 (24. Rxb7 Bxe3 $1 25. Bxe5 (25. fxe3 Bg4 $1 26. Bxe5 Nxe5 27. Qf2 Rf8 $19
) 25... Nxe5 26. Ra3 (26. fxe3 Bg4 $19) 26... Qd3 $3 27. Rxd3 cxd3 28. Qd1 dxc2
29. Qxc2 Ng4+ 30. Kg1 Bxf2+ 31. Kh1 Rd8 $19) 24... Bxe3 $1 25. Nxe3 (25. Bxe5
Nxe5 26. fxe5 Bb6 27. a5 Bc7 $19) 25... Nxf4 $1 26. gxf4 Qxe3 27. Qxe3 Ng4+ 28.
Kg1 Nxe3 29. f5 Nxg2 30. Kxg2 $17) 23... Bg4 $1 $19 24. Nxg4 (24. Rxb3 $2 Bxe2)
(24. Qd2 $2 Rxh3+ 25. Kg1 (25. Bxh3 Nf3+ (25... Nf3+ {Psakhis} 26. Kh1 (26. Kg2
{Petursson} Nxd2 27. Rxb3 Bxh3+ 28. Kxh3 cxb3 $19) 26... Nxd2 27. Rxb3 cxb3 $19
)) 25... Nf3+ 26. Bxf3 Bxf3 27. Ng2 Bxf2+ 28. Qxf2 Rh1+ 29. Kxh1 Nxf2+) (24. f3
Nxf3+ 25. Bxf3 (25. Kh1 Bxh3 26. Bxh3 Rxh3+ 27. Kg2 Rh2+ 28. Kxf3 Rf8+ $19) (
25. Rxf3 Qxb1) 25... Bxh3 26. Ng2 (26. Bh5 Bxf1 27. Rxf1 g6 $19) (26. Qd1 Bxf1+
27. Kg1 Bxe3+ 28. Nxe3 Qxd1 29. Rxd1 Bh3 $19) 26... Qc3 $1 $19 {/\} (26... Bg4+
27. Nh4 Bxf3 28. Qd2 $1 (28. Qd2 $1 Qa2 29. Ra1 Qb2 30. Rxf3 Be7 $17)) 27. Rxb7
(27. Nce3 {Psakhis} Qd4 28. Bh5 g6 29. g4 (29. Nc2 Qg7 30. Rxb7 Bc8 $19) 29...
Bxg2 30. Nxg2 Bd6+ 31. Bxd6 Qxd6+ 32. Kh1 gxh5 $19) 27... Bc8+ $19) 24... Nxg4+
25. Qxg4 (25. Kg1 {Psakhis} Ndxf2 $1 (25... Ndxf2 $1 {Petursson} 26. Rxb3 Nxh3+
27. Kh1 Nf4+ 28. Bh3 Rxh3+ 29. Qh2 Rxh2#)) 25... Qxc2 {Suddenly Black is
winning!} 26. Qg5 (26. Rxb7 Nxf2 27. Z0 (27. Qd7 {Psakhis} Rxh3+ $1 28. Qxh3 (
28. Bxh3 Ng4+) (28. Kg1 Rh1+ $1 29. Bxh1 Nh3#) 28... Nxh3 29. Be5 Nf2 30. Rxg7+
Kf8 31. Rxh7 Re8 $19) 27... Rxh3+ 28. Bxh3 Nxg4+) (26. Qd1 {Petursson White's
best try is to go for a very gloomy ending:} Qxd1 27. Rfxd1 b6 $17) 26... Nxf2
27. Rxf2 (27. Qxc5 Rxh3+ $1 28. Kg1 (28. Bxh3 Ng4+) 28... Rh1+ 29. Bxh1 Nh3#) (
27. Rxb7 {Petursson} Rxh3+ 28. Bxh3 Ng4+ 29. Kh1 Qh2#) 27... Qxf2 28. Rf1 Qd4
29. Be5 Qd7 30. Qc1 (30. Bxg7 {Psakhis} Bg1+ 31. Rxg1 Rg6 32. Qc1 Qxg7 33.
Qxc4+ Kh8 $19) 30... Qe6 31. Bxg7 Kxg7 32. Qg5+ Rg6 33. Qxc5 Qd6 0-1

[Event "EU-Cup 34th"]
[Site "Porto Carras"]
[Date "2018.10.18"]
[Round "7.5"]
[White "Rodshtein, Maxim"]
[Black "Predojevic, Borki"]
[Result "1-0"]
[WhiteElo "2674"]
[BlackElo "2616"]
[Annotator "Krasenkow,M"]
[PlyCount "49"]
[EventDate "2018.10.12"]
[EventType "team-swiss"]
[EventRounds "7"]
[EventCountry "GRE"]
[SourceTitle "CBM 187"]
[Source "ChessBase"]
[SourceDate "2018.12.11"]
[SourceVersion "1"]
[SourceVersionDate "2018.12.11"]
[SourceQuality "1"]
[WhiteTeam "St Petersburg Bronze Horseman"]
[BlackTeam "Valerenga"]
[WhiteTeamCountry "RUS"]
[BlackTeamCountry "NOR"]

1. d4 Nf6 2. c4 e6 3. g3 d5 4. Bg2 Be7 5. Nf3 O-O 6. Nc3 c6 7. O-O Nbd7 8. b3
b6 9. Bb2 Ba6 10. Nd2 b5 (10... Rc8 {[%cal Yc6c5] is the main alternative.})
11. cxd5 {Quite a harmless continuation.} (11. cxb5 $144 cxb5) (11. c5 {
is principled, which leads to a double-edged position after} b4 {, e.g.} 12.
Na4 Bb5 13. Re1 {[%cal Ye2e4]} Qc7 14. Qc2 Rfe8 15. f4 Ng4 16. e4 dxe4 17. Nxe4
Ngf6 18. Ng5 h6 19. Nf3 Nd5 20. Bc1 Bxa4 21. bxa4 Rab8 22. Bf1 Bf6 23. Bb2 Red8
24. Bc4 Nf8 25. Bb3 Ng6 $13 26. Rxe6 $5 Ngxf4 27. Re4 Nh3+ 28. Kg2 Ng5 29. Nxg5
Bxg5 30. Rae1 Qd7 31. Qe2 {1/2 (31) Iturrizaga Bonelli,E (2636)-Leitao,R (2620)
Batumi 2018}) 11... cxd5 12. a3 Rc8 (12... Nb6 $5 {(anticipating b3-b4, when
Black's knight can immediately invade c4) is probably more precise:} 13. Re1 (
13. Nf3 Qc8 14. Rc1 Qb7 15. Na2 Rfc8 16. Nb4 Rxc1 17. Qxc1 Rc8 18. Qb1 Nbd7 19.
Qd3 Qb6 20. Nxa6 Qxa6 21. Nd2 Qb6 $11 {1/2 (40) Bruzon Batista,L (2691)
-Kovalyov,A (2606) Montreal 2013}) (13. b4 Nc4 14. Bc1 Nxd2 15. Qxd2 Qb6 16.
Qd3 Rac8 17. Bb2 Rc4 $132 {1/2 (24) Stefanova,A (2514)-Bischoff,K (2556)
Istanbul 2000}) 13... Qd7 14. Nf3 Rfc8 15. Ne5 Qe8 16. Qd3 Nbd7 17. b4 Nxe5 18.
dxe5 Nd7 19. Nb1 Bb7 $5 20. Qxb5 Bc6 21. Qd3 a5 22. Nd2 axb4 23. axb4 Bxb4 $11
{1/2 (68) Musat,A (2398)-Iordachescu,V (2608) Calimanesti 2014}) 13. Re1 (13.
Na2 Bb7 14. Nf3 Qb6 15. Ne1 a5 16. b4 Ne4 17. Nd3 Nd6 18. Nc5 Bc6 19. Bc3 a4
20. Nc1 Nc4 $132 {1-0 (42) Tatai,S-Hemasian,N Siegen 1970}) (13. b4 $142 $1 {
- White brings his d2 knight via b3 to c5, and Black will have to take it, due
to the poor position of his light-squared bishop. As a result, White will get
a strong protected passed pawn:} Nb6 14. Nb3 Nc4 15. Bc1 Nd7 16. Ra2 (16. Nc5 {
was possible at once:} Nxc5 17. bxc5 $14 {Z.Ribli}) 16... Bb7 $6 (16... f5 17.
Rc2 Bf6 18. e3 $14 {[%cal Yb3c5] Z.Ribli}) 17. Nxb5 a6 18. Nc3 Nxa3 19. Nxd5 (
19. Nc5 $142 Nxc5 20. bxc5 Nb5 21. Qd3 $14) 19... Bxd5 20. Bxa3 Nb6 $44 {
1-0 (63) Kortschnoj,V (2625)-Lputian,S (2610) Sarajevo 1998 CBM 066 
[Kortschnoj]}) 13... Bb7 $1 {Black finds a good way to consolidate his
position and equalize.} (13... Nb6 $6 14. e3 Qd7 15. Bf1 Ne8 16. a4 Nd6 17.
Ndb1 Rb8 18. Ba3 $16 {1-0 (54) Bruzon Batista,L (2684)-Gurevich,D (2473)
Chicago 2015}) 14. e3 (14. Nxb5 $2 Qa5 {[%csl Rb5]} 15. a4 Bb4 $17) 14... a6
$11 15. Qe2 (15. b4 Nb6 $11) 15... b4 $6 {This is unnecessary. Black's a-pawn
will be weaker than White's b3 pawn.} (15... Qb6 $11 {[%cal Yc8c7,Yf8c8] was
simpler.}) 16. axb4 Bxb4 17. Rec1 Qb6 18. Na4 Rxc1+ 19. Rxc1 Qd6 20. Nf3 Rc8
21. Rxc8+ Bxc8 22. Qc2 Qb8 23. Bc3 Qc7 24. Ne1 Ne4 $4 {[%mdl 8192] A tragic
blunder. Black doesn't notice that White has protected his queen.} (24... Bxc3
25. Qxc3 Qxc3 26. Nxc3 a5 {, and Black should reach a draw.}) 25. Bxb4 1-0